| 000 | 00606nam a2200205Ia 4500 | ||
|---|---|---|---|
| 008 | 160114s9999 xx 000 0 und d | ||
| 020 | _a0-439634369 | ||
| 050 | _aFic | ||
| 050 | _b.M327c 2003 | ||
| 245 |
_aCurious George visits a toy store / _cMargret Rey; H A Rey; Martha Weston. |
||
| 260 |
_aNew York : _bHoughton Mifflin Company _c2003 |
||
| 300 |
_a24 pages; _bcolor illustrations ; _c21 cm. |
||
| 440 | _aCurious George. | ||
| 650 | _aMonkeys -- | ||
| 650 | _aMonkeys -- | ||
| 650 | _aToy stores -- | ||
| 650 | _xFiction. | ||
| 650 | _xJuvenile fiction. | ||
| 650 | _xJuvenile fiction. | ||
| 999 |
_c290339 _d290339 |
||